000 01249cam a2200301 a 4500
999 _c9699
_d9699
001 34926722
003 OCoLC
005 20241126110717.0
008 960517r19961987miu b 001 0 eng
010 _a96009067
020 _a0310212693
020 _a9780310212690
035 _a(OCoLC)34926722
040 _aDLC
_cDLC
_dBAKER
_dMNY
_dBTCTA
_dYDXCP
_dITC
_dATH
050 1 0 _aBT765
_b.F58 1996
082 _a234.8
_bFIV
245 0 0 _aFive views on sanctification /
_cMelvin E. Dieter ... [et al.].
260 _aGrand Rapids, Mich. :
_bZondervan Pub.,
_c[1996], c1987.
300 _a254 p. ;
_c21 cm.
490 1 _aCounterpoints
500 _aOriginally published: Grand Rapids, MI : Academie Books, c1987.
504 _aIncludes bibliographical references (p. 239-246) and indexes.
505 0 0 _tThe Wesleyan perspective /
_rMelvin E. Dieter --
_tThe Reformed perspective /
_rAnthony A. Hoekema --
_tThe Pentecostal perspective /
_rStanley M. Horton --
_tThe Keswick perspective /
_rJ. Robertson McQuilkin --
_tThe Augustinian-dispensational perspective /
_rJohn F. Walvoord.
650 0 _aSanctification
_xChristianity.
_92243
700 1 _aDieter, Melvin Easterday.
_92244
830 0 _aCounterpoints (Grand Rapids, Mich.)
_91396
942 _2ddc
_cBK